000 00539nam a2200217Ia 4500
003 0100
008 130303s9999 xx 000 0 und d
020 _a0814608477
040 _cARRUPELIB
050 _aBX2003.F95 1974
100 _aFuller, Reginald H
245 _aPreaching the new Lectionary
245 _bthe word of God for the Church today
260 _aCollegeville, Minnesota
260 _bThe Liturgical Press
260 _C1974
300 _a548p.
300 _b 23cm.
650 _aCATHOLIC CHURCH
942 0 0 _01
999 _c30502
_d30502